000 02471nam0a2200409 4500
001 RU\NLR\BIBL_A\022414421
005 20250225170822.0
010 _a978-5-0054-3007-6
_9800
021 _aRU
_bКН-П-24-068347
_9КН-П-24-6817
035 _a(NLR Aleph) 022414421
090 _a13336604
_c13336604
100 _a20241217d2024 u y0rusy50 ca
101 0 _arus
_aeng
102 _aRU
105 _aa j 000zy
181 0 _ai3
_baxxe
182 0 _an
200 1 _aАнглийский язык для специалистов сферы общественного питания
_dEnglish for cooking and catering
_eучебник
_eдля студентов, обучающихся по профессиям и специальностям среднего профессионального образования "Промышленная экология и биотехнологии"
_fН. И. Щербакова, Н. С. Звенигородская
_zeng
203 _aТекст
_bвизуальный
_cнепосредственный
205 _a18-е изд., стер.
210 _aМосква
_cАкадемия
_d2024
215 _a319 с.
_cил.
_d22
225 1 _aПрофессиональное образование
_iГуманитарные и социально-экономические дисциплины
320 _aБиблиогр.: с. 317 (18 назв.)
333 _a12+
510 1 _6z22790
_aEnglish for cooking and catering
_zeng
606 1 _aАнглийский язык
_xУчебные издания для специалистов в области общественного питания
_2nlr_sh2
_3RU\NLR\AUTH\661521992
606 1 _aАнглийский язык
_jУчебные издания для среднего профессионального образования
_2nlr_sh2
_3RU\NLR\AUTH\6646032
686 1 _aШ143.21-93рус227
700 1 _aЩербакова
_bН. И.
_cфилолог
_f1952-
_gНина Ивановна
_3RU\NLR\AUTH\7758541
701 1 _aЗвенигородская
_bН. С.
_gНаталия Семеновна
_3RU\NLR\AUTH\7758543
790 1 _6z22
_aŠčerbakova
_bN. I.
_cфилолог
_f1952-
_gNina Ivanovna
_3RU\NLR\auth\7758544
790 1 _6z22
_6z22510
_aZvenigorodskaja
_bN. S.
_gNatalija Semenovna
_3RU\NLR\auth\7758545
942 _cBOOK
980 _aNB